Scientific and common names of 7.000 vascular plants in the Unites States
Kaydedildi:
| Asıl Yazarlar: | , , |
|---|---|
| Materyal Türü: | Kitap |
| Dil: | İngilizce |
| Baskı/Yayın Bilgisi: |
Minneapolis
APS
1997
|
| Edisyon: | 2a. ed |
| Seri Bilgileri: | Series Contributions From The U.S. National Fungus Collections, 7
|
| Konular: | |
| Etiketler: |
Etiketle
Etiket eklenmemiş, İlk siz ekleyin!
|
MARC
| LEADER | 00000nam a2200000 a 4500 | ||
|---|---|---|---|
| 001 | UCP4693 | ||
| 003 | CL-VaPUC | ||
| 008 | 990813e19970000US |||||||||||||||||eng|d | ||
| 082 | 0 | 4 | |a 581.973 |b BRA |2 21 |
| 100 | 0 | |a Brako, Lois |e author |9 432387 | |
| 700 | 0 | |a Rossman, Amy Y |e author |9 432388 | |
| 700 | 0 | |a Farr, David F |e author |9 432389 | |
| 245 | 1 | 0 | |a Scientific and common names of 7.000 vascular plants in the Unites States |
| 250 | |a 2a. ed | ||
| 300 | |a 295 p | ||
| 942 | |c BK | ||
| 945 | |d 19990813 00:00:00 |a rbrito | ||
| 260 | |a Minneapolis |b APS |c 1997 | ||
| 650 | 0 | |a Plantas vasculares |9 432385 | |
| 650 | 7 | |a NOMBRE CIENTIFICO |2 CL-VaPUC |9 432391 | |
| 650 | 7 | |a HONGO |2 CL-VaPUC |9 432392 | |
| 650 | 0 | |a Biología |9 262022 | |
| 650 | 0 | |a Botánica |9 264202 | |
| 583 | |a last modification |c 20170828 09:28:55 |k Rodrigo Vera | ||
| 490 | 0 | |a Series Contributions From The U.S. National Fungus Collections, 7 | |
| 999 | |c 282595 |d 282593 | ||
| 952 | |0 0 |1 0 |4 0 |6 581_973000000000000_BRA_1997 |7 0 |8 A |9 324571 |a BIBAGR |b BIBAGR |d 2019-11-20 |i 3492796 |o 581.973 BRA 1997 |p 3492796 |r 2025-01-20 |w 2019-11-20 |y BK |k AGR | ||
| 952 | |0 0 |1 0 |4 0 |6 581_973000000000000_BRA_1997 |7 0 |8 A |9 324572 |a BIBAGR |b BIBAGR |d 2019-11-20 |i 3552721 |o 581.973 BRA 1997 |p 3552721 |r 2025-01-20 |w 2019-11-20 |y BK |k AGR | ||